000
00242nam a2200097Ia 4500
001
1199924
005
20250827022603.0
008
250824s9999 xx 000 0 und d
245
0
_a
KARANLIK ÖYKÜLER
_c
STEPHEN KING
260
_b
ALTIN KİTAPLAR
999
_c
1199924
_d
1199924